| 000 | 00360nam a2200133Ia 4500 | ||
|---|---|---|---|
| 008 | 210210b1991 xxu||||| |||| 00| 0 eng d | ||
| 082 | _a338.9 TANE | ||
| 100 | _aTANDON (B C). | ||
| 245 | _aEconomic planning: theory and practice. | ||
| 260 |
_aAllahabad _bChaitanya Publishing House _c1991 |
||
| 300 | _aiv,480 | ||
| 690 | _aEconomic Planning | ||
| 906 | _a046345 | ||
| 999 |
_c95505 _d95505 |
||